00163nam a2200085Ia 4500100001700000245002500017260000900042082001800051300000800069 aBashir-Imran aMastering Blockchain c2020 a005.76 bBAS a788